Top 30 : Olivia Rodrigo - Statistiques

Statistiques générales
  • Ce quiz a été pris 64 fois
  • Le résultat moyen est 18 sur 30
Statistiques - réponses
Top Titres Featuring % Correct
2 good 4 u
92%
1 drivers license
88%
6 vampire
84%
9 All I Want Disney
82%
4 deja vu
82%
3 traitor
80%
8 jealousy, jealousy
76%
7 favorite crime
72%
10 brutal
70%
5 happier
68%
23 so american
62%
14 get him back!
60%
16 lacy
60%
11 bad idea right?
58%
18 all-american bitch
56%
24 pretty isn’t pretty
56%
12 1 step forward, 3 steps back
52%
22 making the bed
52%
15 Can’t Catch Me Now
50%
13 enough for you
50%
17 hope ur ok
50%
21 love is embarrassing
50%
27 teenage dream
50%
19 the grudge
50%
26 logical
44%
20 obsessed
44%
25 ballad of a homeschooled girl
42%
29 stranger
40%
28 Wondering Julia Lester, Disney
30%
30 Just for a Moment Joshua Bassett, Disney
10%
Aucun quiz correspondant
Distribution des résultats
% des personnes avec chaque résultat
Percentile par nombre de réponses
Votre historique - résultats
Vous n’avez pas pris ce quiz